Электронная техника. Сер. 5 : Радиодетали и радиокомпоненты: научно-технический сборник

Dades bibliogràfiques
Idioma:rus
Publicat: Москва, ЦНИИ Электроника, 1974-1992
Matèries:
Format: MixedMaterials Publicació Periòdica
KOHA link:https://koha.lib.tpu.ru/cgi-bin/koha/opac-detail.pl?biblionumber=380323

MARC

LEADER 00000nas1a2200000 4500
001 380323
005 20231101062647.0
035 |a (RuTPU)RU\TPU\prd\1154 
035 |a BOOK00001154 
090 |a 380323 
100 |a 20011210b1959 k y0rusy50 ca 
101 0 |a rus 
102 |a RU 
110 |a agaz 0uu0 
200 1 |a Электронная техника. Сер. 5 : Радиодетали и радиокомпоненты  |e научно-технический сборник 
210 |a Москва  |c ЦНИИ Электроника  |d 1974-1992 
305 |a Издается с 1959 г. 
326 |a 6 номеров в год 
610 1 |a электронная техника 
610 1 |a радиоднтали 
610 1 |a радиокомпоненты 
610 1 |a керамические материалы 
675 |a 621.38  |v 3 
801 0 |a RU  |b 63413507  |c 20011210  |g PSBO 
801 2 |a RU  |b 63413507  |c 20180413  |g PSBO 
942 |c CR